PNL - TAHIA - PAROLES - Statistiques

Statistiques générales
  • Ce quiz a été pris 80 fois
  • Le résultat moyen est 166 sur 312
Statistiques - réponses
Réponse % Correct
à
88%
a
88%
la
87%
comme
83%
fier
82%
J'suis
82%
j'suis
82%
PNL
82%
ta
80%
tahia
78%
de
75%
Le
72%
le
72%
té...
72%
ce
70%
Djazair
68%
et
68%
l'Algeria
68%
mon
67%
ma
65%
ça
63%
tour
63%
c'est
62%
avec
60%
les
60%
on
60%
pas
60%
putain
60%
AD
58%
Alger
58%
dit
58%
Eh
58%
eh
58%
jamais
58%
tirer
58%
57%
Mustapha
57%
passé
57%
coeur
55%
détailler
55%
fait
55%
longtemps
55%
Que
55%
trop
55%
un
55%
ville
55%
fou
53%
j'fais
53%
mettre
53%
nous
53%
Nous
53%
pour
53%
sans
53%
si
53%
sur
53%
tous
53%
Z'
53%
bande
52%
était
52%
qu'on
52%
sucer
52%
tête
52%
bloqué
50%
bougent
50%
dans
50%
Dans
50%
français
50%
d'Alger
48%
en
48%
fais
48%
OP
48%
terrain
48%
arabes
47%
tout
47%
elle
45%
faute
45%
liberté
45%
son
45%
Yaya
45%
des
43%
dès
43%
d'game
43%
du
43%
money
43%
tarte'
43%
t'la
43%
après
42%
corsé
42%
j'bande
42%
mif
42%
peu
42%
Rebenga
42%
s'accroche
42%
showcases
42%
j'ai
40%
j'finis
40%
vient
40%
cons
38%
cons'
38%
gainé
38%
ou
38%
tata
38%
t'es
38%
DZ
37%
parce
37%
sang
37%
attends
35%
cheveux
35%
faire
35%
lisse
35%
mental
35%
TT
35%
veut
35%
Beriz'
33%
billets
33%
fini
33%
monte
33%
normal
33%
peace
33%
qu'elle
33%
Tarterêts
33%
ZT
33%
Jamaica
32%
j'criais
32%
Liberta
32%
maintenant
32%
mes
32%
ponts
32%
fumer
30%
n'da
30%
stream
30%
verts
30%
zen'
30%
zen
30%
d'jouer
28%
igo
28%
j'leurs
28%
j'lui
28%
même
28%
mets
28%
ouais
28%
p'tits
28%
carré
27%
est
27%
fiha
27%
série
27%
ZOO
27%
bander
25%
d'cane
25%
dream
25%
j'voyais
25%
l'action
25%
l'joint
25%
scène
25%
seul
25%
tize
25%
ailes
23%
counia
23%
j'fumais
23%
khir
23%
toutes
23%
valise
23%
ah
22%
déploie
22%
j'nique
22%
nos
22%
quand
22%
chméta
20%
devant
20%
green
20%
j'prie
20%
dix
18%
maton
18%
chim
17%
Hrach
17%
tatata
17%
l'maton
13%
au
12%
Mackan
12%
manman'
12%
buis'
10%
l'tise
10%
Aucun quiz correspondant
Distribution des résultats
% des personnes avec chaque résultat
Percentile par nombre de réponses
Votre historique - résultats
Vous n’avez pas pris ce quiz